| 000 | 00492nam a2200193Ia 4500 | ||
|---|---|---|---|
| 005 | 20250108054811.0 | ||
| 008 | 240331s9999 xx 000 0 und d | ||
| 020 | _a0415900433 | ||
| 082 |
_bJUD _22286 _a305.3 |
||
| 100 | _aButler, J | ||
| 245 | 0 |
_aGender Trouble _bFeminism and the Subversion of Identity |
|
| 260 |
_aNew York _bRoutledge _c1990 |
||
| 260 |
_aLondon _bRoutledge _c1990 |
||
| 300 | _axii, 172 p., | ||
| 650 | _aGender | ||
| 650 | _aFeminism | ||
| 650 | _aWomen | ||
| 942 | _cL | ||
| 999 |
_c1557 _d1557 |
||